000 01149nam a2200325 a 4500
001 000115698
003 CHAP
005 20240613145059.0
007 cr ||||||a|c|a
008 190625s2019 mx a |sm |||||||spa d
040 _cCHAP
090 _aTesis
100 1 _aRosales Vicelis, José Eduardo.
_9131766
245 1 0 _aMonitoreo 3D y Análisis CFD del ambiente de un invernadero con ventilación natural /
_cpor José Eduardo Rosales Vicelis.
264 1 _aChapingo, Méx. :
_bEl autor,
_c2019.
336 _2rdacontent
_atexto
_btxt
337 _2rdamedia
_acomputadora
_bc
338 _2rdacarrier
_arecursos en línea
_bcr
500 _aPara ver el contenido del material haga clic en la liga
502 _bMIAUIA
_cIrrigación y Mecánica
_d2019.
_gMAE
590 _aE6337LMJ
_b05
_c20190625
590 _aE6337LMJ
_b05
_c20190625
650 1 4 _aClimatología
_xModelos matemáticos.
_923868
650 1 4 _aInvernaderos
_xAutomatización.
_960174
650 1 4 _aInvernaderos
_xVentilación
_xSimulación.
_9132100
856 _uhttp://10.13.5.2/tesis/sist115698.pdf
_zDESCARGAR PDF
942 _cTD
999 _c112159
_d112159